000 01657nam0a22003131 4500
001 rc\2614352
005 20250623135834.0
035 _a(NLR Aleph) 006778160
090 _a6015797
_c6015797
100 _a20110914d1930 |||y0rusy50 ca
101 0 _arus
102 _aRU
105 _aab z |||||
200 1 _aОбзор главнейших месторождений углей и горючих сланцев СССР
_fСоставили М. С. Волков, А. А. Гогунцов, И. И. Горский [и др.]
_gРед. ком-т: М. М. Пригоровский (пред.), В. И. Яворский, П. И. Степанов... [и др.]
_gВ.С.Н.Х. С.С.С.Р. Глав. геолого-разведочное упр. Угольный геолого-разведочный институт Г.Г.Р.У.
210 _aЛенинград
_cГеолог. ком-т
_d1930
_gтип. Облфо им. Котлякова
215 _aXVI, 285 с., XV вкл. л. черт., карт.
_cчерт., карт.
_d25х18 см.
320 _aБиблиография: указания литературы в конце отдельных статей
702 1 _aГорский
_bИ.И.
_4570
702 1 _aЯвровский
_bВ.И.
_4340
702 1 _aСтепанов
_bП.И.
_4340
702 1 _aВолков
_bМ.С.
_4570
702 1 _aПригоровский
_bМ.М.
_4340
702 1 _aГогунцов
_bА.А.
_4570
712 0 2 _aУгольный геолого-разведочн. инст-т (Ленинград)
801 0 _aRU
_bNLR
_gpsbo
801 1 _aRU
_bELAR
_2rusmarc
852 _aNLR
_j30.5/161
942 _cBOOK
980 _aNB